000 00595nam a22002057a 4500
003 UA-OsUOA
001 13064
007 ta
008 20030411b un ||||| |||| 00| 0 ukr d
100 _aГрицюк С.
700 _aЛущик К.
700 _aЛівандовський П.
942 _cSA
040 _aUA-OsUOA
_cUA-OsUOA
_dUA-OsUOA
245 _aЩо ми не знаємо про Рівне
_bПалац Любомирських
300 _aС.11
955 _a0
773 0 _w0
_tОго
_dРівне
_d2003
_g№62/ 4 квіт./
650 7 _aКраєзнавча робота
_2UDC
999 _c299225
_d299225